[Event "Corus"]
[Site "Wijk aan Zee NED"]
[Date "2002.01.12"]
[Round "1"]
[White "Timman,J"]
[Black "Piket,Je"]
[Result "1/2-1/2"]
[WhiteElo "2605"]
[BlackElo "2659"]
[EventDate "2002.01.12"]

1. e4 c5 2. Nf3 e6 3. d4 cxd4 4. Nxd4 a6 5. Nc3 b5 6. Bd3 Qb6 7. Be3 Bc5 8.
Be2 Nc6 9. Nxc6 dxc6 10. Bxc5 Qxc5 11. Qd3 Nf6 12. f4 e5 13. Qg3 O-O 14.
fxe5 Nd7 15. e6 fxe6 16. O-O-O e5 17. Rhf1 Nf6 18. Qd3 Ra7 19. Qd6 Qxd6 20.
Rxd6 Rc7 21. a4 1/2-1/2

[Event "Corus"]
[Site "Wijk aan Zee NED"]
[Date "2002.01.12"]
[Round "1"]
[White "Bareev,E"]
[Black "Adams,Mi"]
[Result "1/2-1/2"]
[WhiteElo "2707"]
[BlackElo "2742"]
[EventDate "2002.01.12"]

1. d4 Nf6 2. c4 e6 3. Nf3 b6 4. Nc3 Bb4 5. Qb3 c5 6. a3 Ba5 7. Bg5 Bb7 8.
e3 O-O 9. Rd1 d5 10. Be2 Nbd7 11. O-O cxd4 12. Nb5 h6 13. Bh4 Nc5 14. Qc2
d3 15. Bxd3 Nxd3 16. Rxd3 a6 17. cxd5 axb5 18. dxe6 Qe8 19. Bxf6 fxe6 20.
Be5 Be4 21. Rd7 Bxc2 22. Rxg7+ Kh8 1/2-1/2

[Event "Corus"]
[Site "Wijk aan Zee NED"]
[Date "2002.01.12"]
[Round "1"]
[White "Grischuk,A"]
[Black "Kasimdzhanov,R"]
[Result "1-0"]
[WhiteElo "2671"]
[BlackElo "2695"]
[EventDate "2002.01.12"]

1. e4 e5 2. Nf3 Nc6 3. Bb5 a6 4. Ba4 Nf6 5. O-O Be7 6. Re1 b5 7. Bb3 d6 8.
c3 O-O 9. h3 Na5 10. Bc2 c5 11. d4 Qc7 12. Nbd2 cxd4 13. cxd4 Rd8 14. b3
Nc6 15. Bb2 exd4 16. Nxd4 Nxd4 17. Bxd4 Be6 18. Rc1 Qa5 19. Nf1 Ne8 20. Qd3
Rac8 21. Bb1 Rxc1 22. Rxc1 Rc8 23. Rd1 Qa3 24. Qd2 Bd8 25. Ne3 Qa5 26. Qd3
b4 27. f4 Kf8 28. f5 Bd7 29. Nc4 Qb5 30. Qg3 Bf6 31. Bxf6 gxf6 32. Kh1 Qc5
33. Qf4 Bb5 34. Ne3 Qe5 35. Qh6+ Kg8 36. Nd5 Bc6 37. Nb6 Rd8 38. Nc4 Qg3
39. Qh5 d5 40. Bc2 Qc3 41. Qe2 Kf8 42. Rd3 Qa1+ 43. Bd1 Bb5 44. Qd2 d4 45.
Qxb4+ Nd6 46. Qc5 Bxc4 47. bxc4 Qxa2 48. Qc7 Ke8 49. Rg3 1-0

[Event "Corus"]
[Site "Wijk aan Zee NED"]
[Date "2002.01.13"]
[Round "2"]
[White "Van Wely,L"]
[Black "Timman,J"]
[Result "0-1"]
[WhiteElo "2697"]
[BlackElo "2605"]
[EventDate "2002.01.12"]

1. d4 Nf6 2. c4 e6 3. g3 c5 4. d5 exd5 5. cxd5 d6 6. Nc3 g6 7. Bg2 Bg7 8.
Nf3 O-O 9. O-O a6 10. a4 Re8 11. Nd2 Nbd7 12. h3 Rb8 13. Nc4 Ne5 14. Na3
Nh5 15. e4 Rf8 16. Kh2 f5 17. f4 b5 18. axb5 axb5 19. fxe5 Nxg3 20. Rf3
Bxe5 21. Naxb5 Qh4 22. exf5 Bxf5 23. Ra4 Be4 24. Rxf8+ Rxf8 25. Kg1 Ne2+
26. Qxe2 Qg3 27. Bf4 Qxf4 28. Bxe4 Qg3+ 29. Kh1 Rf1+ 0-1

[Event "Corus"]
[Site "Wijk aan Zee NED"]
[Date "2002.01.13"]
[Round "2"]
[White "Gurevich,M"]
[Black "Leko,P"]
[Result "1/2-1/2"]
[WhiteElo "2641"]
[BlackElo "2713"]
[EventDate "2002.01.12"]

1. c4 c5 2. g3 g6 3. Bg2 Bg7 4. e3 e6 5. d4 cxd4 6. exd4 Ne7 7. d5 exd5 8.
cxd5 d6 9. Ne2 Bg4 10. Nbc3 O-O 11. O-O Re8 12. Re1 Na6 13. Bf4 Qb6 14. Qd2
Nf5 15. h3 Bxe2 16. Rxe2 Rxe2 17. Qxe2 Nc5 18. Re1 Be5 19. Bxe5 dxe5 20.
Rd1 Nd7 21. d6 Rd8 22. Ne4 Rc8 23. Qd2 Kg7 1/2-1/2

[Event "Corus"]
[Site "Wijk aan Zee NED"]
[Date "2002.01.15"]
[Round "3"]
[White "Timman,J"]
[Black "Gurevich,M"]
[Result "1/2-1/2"]
[WhiteElo "2605"]
[BlackElo "2641"]
[EventDate "2002.01.12"]

1. e4 e6 2. d4 d5 3. Nc3 Nf6 4. Bg5 dxe4 5. Nxe4 Be7 6. Bxf6 Bxf6 7. Nf3
Nd7 8. Bc4 a6 9. Qe2 b5 10. Bd3 Bb7 11. Nxf6+ Qxf6 12. Be4 Bxe4 13. Qxe4
O-O 14. O-O Qe7 15. a4 Nb6 16. axb5 axb5 17. Qc6 b4 1/2-1/2

[Event "Corus"]
[Site "Wijk aan Zee NED"]
[Date "2002.01.16"]
[Round "4"]
[White "Van Wely,L"]
[Black "Grischuk,A"]
[Result "0-1"]
[WhiteElo "2697"]
[BlackElo "2671"]
[EventDate "2002.01.12"]

1. c4 e6 2. d4 d5 3. Nc3 c5 4. cxd5 exd5 5. Nf3 Nc6 6. g3 Nf6 7. Bg2 Be7 8.
O-O O-O 9. dxc5 Bxc5 10. Bg5 d4 11. Bxf6 Qxf6 12. Nd5 Qd8 13. Nd2 Re8 14.
Rc1 Bf8 15. Re1 Bg4 16. h3 Bxh3 17. Bxh3 Qxd5 18. a3 Rab8 19. Bg2 Qh5 20.
Nb3 Rbd8 21. Bf3 Qb5 22. Qd3 Qb6 23. Bxc6 bxc6 24. Rc2 c5 25. Nd2 Qf6 26.
Rc4 h5 27. Nf3 Rb8 28. b3 Rb6 29. Rec1 a5 30. Rxc5 Bxc5 31. Rxc5 h4 32.
Nxh4 Rbe6 33. Rc2 Rc6 34. Qb5 Rec8 35. Rxc6 Qxc6 36. Qxa5 Qe4 37. Nf3 d3
38. Qd2 Qxe2 39. Qf4 Qd1+ 40. Kh2 Qxb3 41. Qd6 Qc2 42. Kg2 Qe2 43. a4 Qe4
44. a5 g5 0-1

[Event "Corus"]
[Site "Wijk aan Zee NED"]
[Date "2002.01.17"]
[Round "5"]
[White "Gelfand,B"]
[Black "Van Wely,L"]
[Result "1/2-1/2"]
[WhiteElo "2703"]
[BlackElo "2697"]
[EventDate "2002.01.12"]

1. Nf3 d5 2. d4 Nf6 3. c4 e6 4. g3 dxc4 5. Bg2 Nc6 6. Qa4 Bb4+ 7. Bd2 Nd5
8. Bxb4 Ndxb4 9. O-O Rb8 10. Na3 a6 11. Ne5 O-O 12. Nxc6 Nxc6 13. Qxc4 Qxd4
14. Bxc6 Qxc4 15. Nxc4 bxc6 16. Rac1 a5 17. Rc2 Rb5 18. b3 a4 19. bxa4 Rb4
20. a5 Rb5 21. Rfc1 1/2-1/2

[Event "Corus"]
[Site "Wijk aan Zee NED"]
[Date "2002.01.19"]
[Round "6"]
[White "Timman,J"]
[Black "Bareev,E"]
[Result "0-1"]
[WhiteElo "2605"]
[BlackElo "2707"]
[EventDate "2002.01.12"]

1. c4 e5 2. Nc3 Nf6 3. Nf3 Nc6 4. g3 Bc5 5. Bg2 O-O 6. Nxe5 Bxf2+ 7. Kxf2
Nxe5 8. b3 Re8 9. Rf1 d5 10. d4 Neg4+ 11. Kg1 dxc4 12. bxc4 Ne3 13. Bxe3
Rxe3 14. Qd2 Re8 15. Rad1 c6 16. Qf4 Bg4 17. Rf2 Bh5 18. d5 cxd5 19. Nxd5
Ng4 20. Rff1 Ne5 21. Qc1 Bxe2 22. Nf6+ gxf6 23. Rxd8 Raxd8 24. Bxb7 Kg7 25.
Bd5 Bxf1 26. Qxf1 Rb8 27. Qf2 Nd3 28. Qxa7 Re1+ 29. Kg2 Rb2+ 30. Kh3 Ne5
31. g4 Ree2 32. Kg3 Rxa2 33. Qc5 Rad2 0-1

[Event "Corus"]
[Site "Wijk aan Zee NED"]
[Date "2002.01.20"]
[Round "7"]
[White "Kasimdzhanov,R"]
[Black "Adams,Mi"]
[Result "1/2-1/2"]
[WhiteElo "2695"]
[BlackElo "2742"]
[EventDate "2002.01.12"]

1. d4 Nf6 2. c4 e6 3. Nf3 b6 4. a3 Ba6 5. Qc2 Bb7 6. Nc3 c5 7. e4 cxd4 8.
Nxd4 Nc6 9. Nxc6 Bxc6 10. Qe2 d6 11. g3 Be7 12. Bg2 O-O 13. O-O Rc8 14. Rd1
Qc7 15. Bf4 Qb8 16. Rd2 Rfd8 17. Rad1 h6 18. h4 Ne8 19. Rd3 a6 20. b3 Qa8
21. Nd5 Qa7 22. Nxe7+ Qxe7 23. a4 e5 24. Bd2 Qb7 25. Bb4 f5 26. Bxd6 fxe4
27. R3d2 Nxd6 28. Rxd6 Qe7 29. c5 bxc5 30. Qc4+ Kh8 31. Qxc5 Rxd6 32. Rxd6
Rc7 33. Qb4 e3 34. fxe3 Bxg2 35. Kxg2 a5 36. Qd2 Rc8 37. Qd5 Qf8 38. Qxe5
Rc2+ 39. Kh3 Qf1+ 40. Kg4 Qe2+ 41. Kf5 Qf3+ 42. Qf4 Rc5+ 43. Ke6 Qa8 44.
Ke7 Rc7+ 45. Rd7 Rc8 46. Rc7 Re8+ 47. Kd6 Rd8+ 48. Ke7 Re8+ 49. Kd6 Rd8+
50. Ke7 Re8+ 1/2-1/2

[Event "Corus"]
[Site "Wijk aan Zee NED"]
[Date "2002.01.20"]
[Round "7"]
[White "Gelfand,B"]
[Black "Leko,P"]
[Result "1/2-1/2"]
[WhiteElo "2703"]
[BlackElo "2713"]
[EventDate "2002.01.12"]

1. d4 Nf6 2. c4 e6 3. Nc3 Bb4 4. Qc2 O-O 5. a3 Bxc3+ 6. Qxc3 b6 7. Bg5 Bb7
8. f3 h6 9. Bh4 d5 10. e3 Nbd7 11. cxd5 Nxd5 12. Bxd8 Nxc3 13. Bh4 Nd5 14.
Bf2 c5 15. e4 Ne7 16. Bb5 Bc6 17. Bxc6 Nxc6 18. Ne2 Rfd8 19. O-O-O cxd4 20.
Nxd4 Nde5 21. Kb1 Nxd4 22. Rxd4 Kf8 23. Rc1 Ke8 24. Rc7 Rdc8 25. Rb7 Rcb8
26. Rxb8+ Rxb8 27. Bg3 f6 28. Bxe5 fxe5 29. Rc4 Kd7 30. Kc2 Rc8 31. Rxc8
Kxc8 32. Kd3 Kd7 33. h4 g6 34. g3 g5 35. Ke3 gxh4 36. gxh4 Ke7 37. Kf2 Kf6
38. Kg3 Kg6 39. Kg4 Kg7 40. Kg3 Kg6 41. Kg4 1/2-1/2

[Event "Corus"]
[Site "Wijk aan Zee NED"]
[Date "2002.01.20"]
[Round "7"]
[White "Grischuk,A"]
[Black "Timman,J"]
[Result "1-0"]
[WhiteElo "2671"]
[BlackElo "2605"]
[EventDate "2002.01.12"]

1. e4 c6 2. d4 d5 3. e5 Bf5 4. Nc3 e6 5. g4 Bg6 6. Nge2 f6 7. Nf4 fxe5 8.
Nxe6 Qe7 9. Nxf8 exd4+ 10. Be2 Kxf8 11. Qxd4 Na6 12. Be3 Nb4 13. O-O-O Nf6
14. Rd2 a5 15. a3 Kf7 16. Qf4 Kg8 17. Bd4 Na6 18. Bxa6 bxa6 19. Re2 Qf7 20.
f3 Re8 21. Rhe1 h5 22. g5 Rxe2 23. Nxe2 Nd7 24. Qxf7+ Kxf7 25. Nf4 Bf5 26.
g6+ Bxg6 27. Re7+ Kxe7 28. Nxg6+ Ke6 29. Nxh8 g5 30. Ng6 c5 31. Bg7 Kf5 32.
Ne7+ Ke6 33. Nc6 d4 34. Kd2 a4 35. c3 Kd5 36. Nd8 1-0

[Event "Corus"]
[Site "Wijk aan Zee NED"]
[Date "2002.01.20"]
[Round "7"]
[White "Lautier,J"]
[Black "Piket,Je"]
[Result "1/2-1/2"]
[WhiteElo "2687"]
[BlackElo "2659"]
[EventDate "2002.01.12"]

1. d4 d5 2. c4 c6 3. Nf3 Nf6 4. Nc3 e6 5. Bg5 h6 6. Bxf6 Qxf6 7. e3 Nd7 8.
Bd3 dxc4 9. Bxc4 g6 10. O-O Bg7 11. b4 O-O 12. a4 Qe7 13. Qb3 b6 14. a5 Rb8
15. axb6 axb6 16. Ra7 Bb7 17. Rd1 Rfd8 18. Ne1 Bf8 19. Nc2 Nf6 20. b5 c5
21. dxc5 Rxd1+ 22. Nxd1 Qxc5 23. Nd4 Bg7 24. Nb2 Bd5 25. Bxd5 Nxd5 26. Nd3
Qc3 27. Qxc3 Nxc3 28. Nc6 Nxb5 29. Rd7 Ra8 30. g3 Nc3 31. Nde5 Bxe5 32.
Nxe5 Rf8 33. Rc7 Nd5 34. Rb7 h5 35. Kg2 Kg7 36. Nd7 Rc8 37. Nxb6 1/2-1/2

[Event "Corus"]
[Site "Wijk aan Zee NED"]
[Date "2002.01.21"]
[Round "8"]
[White "Van Wely,L"]
[Black "Lautier,J"]
[Result "1/2-1/2"]
[WhiteElo "2697"]
[BlackElo "2687"]
[EventDate "2002.01.12"]

1. c4 c5 2. Nc3 g6 3. g3 Bg7 4. Bg2 Nc6 5. a3 d6 6. Rb1 a5 7. d3 e6 8. Nh3
Nge7 9. Nf4 O-O 10. O-O Rb8 11. Bd2 1/2-1/2

[Event "Corus"]
[Site "Wijk aan Zee NED"]
[Date "2002.01.22"]
[Round "9"]
[White "Kasimdzhanov,R"]
[Black "Van Wely,L"]
[Result "1-0"]
[WhiteElo "2695"]
[BlackElo "2697"]
[EventDate "2002.01.12"]

1. d4 Nf6 2. c4 e6 3. Nf3 d5 4. g3 dxc4 5. Bg2 Nc6 6. Qa4 Bb4+ 7. Bd2 Nd5
8. Bxb4 Ndxb4 9. a3 b5 10. Qxb5 Nc2+ 11. Kd2 Nxa1 12. Qxc6+ Bd7 13. Qxc4 c5
14. Qa2 Qa5+ 15. Nc3 cxd4 16. Nxd4 Rd8 17. Rxa1 e5 18. b4 Qb6 19. Nc2 Qxf2
20. Bd5 O-O 21. Qc4 Be6 22. Ne3 Qxh2 23. Qh4 Qxh4 24. gxh4 f5 25. Kc2 Kf7
26. Rg1 Rd7 27. Bxe6+ Kxe6 28. Na4 Kf6 29. Nc5 Rd4 30. Nxf5 Kxf5 31. e4+
Kf6 32. Rf1+ Ke7 33. Rxf8 Kxf8 34. Ne6+ Kf7 35. Nxd4 exd4 36. Kd3 h5 37.
Kxd4 g5 38. hxg5 Kg6 39. b5 Kxg5 40. a4 1-0

[Event "Corus"]
[Site "Wijk aan Zee NED"]
[Date "2002.01.22"]
[Round "9"]
[White "Adams,Mi"]
[Black "Piket,Je"]
[Result "1/2-1/2"]
[WhiteElo "2742"]
[BlackElo "2659"]
[EventDate "2002.01.12"]

1. e4 e5 2. Nf3 Nf6 3. Nxe5 d6 4. Nf3 Nxe4 5. d4 d5 6. Bd3 Bd6 7. O-O O-O
8. c4 c6 9. Qc2 Na6 10. a3 f5 11. Nc3 Nc7 12. c5 Be7 13. Ne2 Ne6 14. b4 Bf6
15. Bb2 Qc7 16. Rfe1 Bd7 17. Rad1 g6 18. Nc1 g5 19. Nb3 Rae8 20. Ne5 Nxd4
21. Bxd4 Bxe5 22. Bxe5 Rxe5 23. Qc1 Re6 24. g3 Rg6 25. Nd4 Bc8 26. Bb1 h5
27. f3 1/2-1/2